Bangladesh Country Quiz - Statistics

General Stats
  • This quiz has been taken 21 times
  • The average score is 9 of 13
Answer Stats
Hint Answer % Correct
Main Ally India
100%
Borders India
100%
Capital Dhaka
95%
Main Language Bengali
90%
Borders Myanmar
90%
Former Part of Pakistan
90%
Independent Since 1971
85%
Main Religion Islam
85%
Currency Taka
80%
Number of Administrative Regions 8
55%
Global Firepower Rating (out of 145) 35
10%
Current Leader Mohammed Shahabuddin
0%
Main Export T-Shirts
0%
No matching quizzes found
Score Distribution
Percent of People with Each Score
Percentile by Number Answered
Your Score History
You have not taken this quiz